Python a fondo /
Contiene: 1. Introducción al lenguaje Python; 2. Variables y tipos de datos; 3. Fundamentos del lenguaje; 4. Programación orientada a objetos; 5. Estructura de código en Python; 6. Persistencia de datos en ficheros; 7. Persistencia en bases de datos; 8. Paralelismo y concurrencia; 9. Interfaces de u...
Gespeichert in:
| 1. Verfasser: | |
|---|---|
| Format: | Buch |
| Sprache: | Spanisch |
| Veröffentlicht: |
México : Barcelona :
Alfaomega ; Marcombo,
2021, c2021
|
| Schlagworte: | |
| Tags: |
Keine Tags, Fügen Sie das erste Tag hinzu!
|
MARC
| LEADER | 00000nam^a2200000^a^4500 | ||
|---|---|---|---|
| 001 | 000448687 | ||
| 005 | 20250521000000.0 | ||
| 009 | 20260310123704.106 | ||
| 020 | |a 978-607-538-743-7 | ||
| 020 | |a 978-84-267-3227-9 | ||
| 037 | |a Acervo ITESO - Biblioteca | ||
| 041 | |a ESP | ||
| 082 | |a 005. 133 |b RAM | ||
| 100 | |a Ramírez Jiménez, Oscar |e (autor) | ||
| 245 | 1 | 0 | |a Python a fondo / |c O. Ramírez Jiménez. |
| 264 | 4 | |a México : |b Alfaomega ; |a Barcelona : |b Marcombo, |c 2021, c2021 | |
| 300 | |a 633 p. | ||
| 336 | |a texto |b txt |2 rdacontenido | ||
| 337 | |a sin mediación |b n |2 rdamedio | ||
| 338 | |a volumen |b nc |2 rdasoporte | ||
| 520 | |a Contiene: 1. Introducción al lenguaje Python; 2. Variables y tipos de datos; 3. Fundamentos del lenguaje; 4. Programación orientada a objetos; 5. Estructura de código en Python; 6. Persistencia de datos en ficheros; 7. Persistencia en bases de datos; 8. Paralelismo y concurrencia; 9. Interfaces de usuario; 10. Servicios de red y aplicaciones web. Anexo: testeo y cobertura de aplicaciones en Python. | ||
| 521 | |a 2024 BO Licenciatura en Gestión Pública y Políticas Globales | ||
| 649 | |a XX | ||
| 650 | |a Estructura de Datos | ||
| 650 | |a Datos - |x Administración | ||
| 650 | |a Lenguajes de Programación - |x Tema Principal | ||
| 650 | |a Redes de Computadoras | ||
| 650 | |a Sistemas Computacionales | ||
| 650 | |a Interfaz de Usuario | ||
| 650 | |a Desarrollo de Sistemas | ||
| 650 | |a Programación Orientada a Objetos | ||
| 650 | |a Programación (Software) | ||
| 650 | |a Ingeniería Computacional | ||
| 910 | |a Fondo General | ||
| 920 | |a Impresos - Libros | ||
| 930 | |a Colección General | ||
| 905 | |a 101 | ||
| 901 | |a 0500368114 |b IT1 |c ACC |i C179302 |u 20250521 | ||
| 902 | |a https://opac.biblio.iteso.mx/vufind/Record/000448687 | ||